Real Science in Clear English A Guide to Scientific Writing for the Global Market /

This book is a timely go-to resource for any professionals wishing to communicate with the growing number of readers whose first language is not English. It highlights the potential language difficulties these readers face, and provides guidelines and tools for overcoming them. The guidelines show h...

Full description

Bibliographic Details
Main Authors: Roos, Cathryn (Author, http://id.loc.gov/vocabulary/relators/aut), Roos, Gregory (http://id.loc.gov/vocabulary/relators/aut)
Corporate Author: SpringerLink (Online service)
Format: Electronic eBook
Language:English
Published: Singapore : Springer Singapore : Imprint: Springer, 2019.
Edition:1st ed. 2019.
Series:SpringerBriefs in Education,
Subjects:
Online Access:Full Text via HEAL-Link
LEADER 03329nam a2200553 4500
001 978-981-13-7820-1
003 DE-He213
005 20191022061604.0
007 cr nn 008mamaa
008 190807s2019 si | s |||| 0|eng d
020 |a 9789811378201  |9 978-981-13-7820-1 
024 7 |a 10.1007/978-981-13-7820-1  |2 doi 
040 |d GrThAP 
050 4 |a LC8-6691 
072 7 |a JNU  |2 bicssc 
072 7 |a SCI063000  |2 bisacsh 
072 7 |a JNU  |2 thema 
072 7 |a PD  |2 thema 
082 0 4 |a 507.1  |2 23 
100 1 |a Roos, Cathryn.  |e author.  |4 aut  |4 http://id.loc.gov/vocabulary/relators/aut 
245 1 0 |a Real Science in Clear English  |h [electronic resource] :  |b A Guide to Scientific Writing for the Global Market /  |c by Cathryn Roos, Gregory Roos. 
250 |a 1st ed. 2019. 
264 1 |a Singapore :  |b Springer Singapore :  |b Imprint: Springer,  |c 2019. 
300 |a XXI, 127 p. 78 illus., 23 illus. in color.  |b online resource. 
336 |a text  |b txt  |2 rdacontent 
337 |a computer  |b c  |2 rdamedia 
338 |a online resource  |b cr  |2 rdacarrier 
347 |a text file  |b PDF  |2 rda 
490 1 |a SpringerBriefs in Education,  |x 2211-1921 
505 0 |a 1 Globalisation of Science and Technology -- 2 Bridging the Gap -- 3 Readability -- 4 The L2 Reading Experience -- 5 What's in a Word? -- 6 Sentences: Get a Grip on Grammar -- 7 Go with the Flow -- 8 Select Style -- 9 Clear the Page -- 10 Tools for Readability. 
520 |a This book is a timely go-to resource for any professionals wishing to communicate with the growing number of readers whose first language is not English. It highlights the potential language difficulties these readers face, and provides guidelines and tools for overcoming them. The guidelines show how to convey complicated information clearly without affecting the integrity of the subject matter, while the practical 'before' and 'after' examples clearly illustrate how using these guidelines and improves scientific texts. The book also includes text evaluation tools that allow writers to rapidly assess the readability of their materials. It is based on theory and the authors' extensive experience in producing highly readable English texts for L2 readers who struggle with materials that were originally prepared for L1 readers. 
650 0 |a Science education. 
650 0 |a Technical education. 
650 0 |a Study skills. 
650 0 |a English language. 
650 1 4 |a Science Education.  |0 http://scigraph.springernature.com/things/product-market-codes/O27000 
650 2 4 |a Engineering/Technology Education.  |0 http://scigraph.springernature.com/things/product-market-codes/O43000 
650 2 4 |a Writing Skills.  |0 http://scigraph.springernature.com/things/product-market-codes/O53050 
650 2 4 |a English.  |0 http://scigraph.springernature.com/things/product-market-codes/N49000 
700 1 |a Roos, Gregory.  |e author.  |4 aut  |4 http://id.loc.gov/vocabulary/relators/aut 
710 2 |a SpringerLink (Online service) 
773 0 |t Springer eBooks 
776 0 8 |i Printed edition:  |z 9789811378195 
776 0 8 |i Printed edition:  |z 9789811378218 
776 0 8 |i Printed edition:  |z 9789811378225 
830 0 |a SpringerBriefs in Education,  |x 2211-1921 
856 4 0 |u https://doi.org/10.1007/978-981-13-7820-1  |z Full Text via HEAL-Link 
912 |a ZDB-2-EDA 
950 |a Education (Springer-41171)